000
00332nam a2200145Ia 4500
008
230312s9999||||xx |||||||||||||| ||und||
082
_a
657.45
_b
GHA
100
_a
M A Ghani
245
0
_a
Advanced Accounting
260
_b
Pak Imperial Books
_a
Lahore
_c
1995
300
_a
878
546
_a
Eng.
650
_a
Accounting
942
_c
BK
999
_c
4960
_d
4960